000
00340nam a22001457a 4500
008
221018b ||||| |||| 00| 0 eng d
020
_a
9789951278669
041
_a
eng
080
_a
339
082
_a
339
100
_a
23.1
101
_a
TRE
245
_a
AUTORITARIZMI POLTRONIZMI SI RRENUES TE DEMOKRACISE
_c
BEQAJ B
942
_2
udc
_c
BK
999
_c
58603
_d
58603